र्खुSाी बहाद्दर (Record no. 328362)

MARC details
000 -LEADER
fixed length control field 00576nam a2200169Ia 4500
008 - FIXED-LENGTH DATA ELEMENTS--GENERAL INFORMATION
fixed length control field 090711s9999 xx 000 0 und d
082 ## - DEWEY DECIMAL CLASSIFICATION NUMBER
Item number 171
100 ## - MAIN ENTRY--PERSONAL NAME
Personal name राजवाडे राजा
245 ## - TITLE STATEMENT
Title र्खुSाी बहाद्दर
260 ## - PUBLICATION, DISTRIBUTION, ETC. (IMPRINT)
Name of publisher, distributor, etc एस.के. पब्लिशिंग हाऊस
Date of publication, distribution, etc 1998
300 ## - PHYSICAL DESCRIPTION
Extent 186
600 ## - SUBJECT ADDED ENTRY--PERSONAL NAME
Personal name राजवाडे राजा
630 ## - SUBJECT ADDED ENTRY--UNIFORM TITLE
Uniform title र्खुSाी बहाद्दर
700 ## - ADDED ENTRY--PERSONAL NAME
Personal name राजवाडे राजा
730 ## - ADDED ENTRY--UNIFORM TITLE
Uniform title र्खुSाी बहाद्दर
942 ## - ADDED ENTRY ELEMENTS (KOHA)
Koha item type Book

No items available.